[Event "Another KO"]
[Site "SchemingMind.com"]
[Date "2012.04.18"]
[Round "-"]
[White "Lastcafe"]
[Black "Iucounu"]
[Result "1-0"]
[WhiteCountry "THA"]
[BlackCountry "ENG"]
[WhiteElo "1777"]
[WhiteRD "104"]
[BlackElo "1265"]
[BlackRD "53"]
[GameID "308486"]

1. c4 e5 2. Nc3 Bb4 3. Qa4 Bxc3 4. bxc3 Nc6 5. Nf3 d6 6. e4 Nf6 7. d4 exd4 8. cxd4 O-O 9. Bd3 Bg4 10. Be3 Bxf3
11. gxf3 Qd7 12. Be2 Nb8 13. Qxd7 Nbxd7 14. Kd2 h6 15. Rhg1 Kh7 16. Bd3 g6 17. f4 h5 18. h3 Rg8 19. e5 dxe5 20. fxe5 Ne8
21. Rg5 c6 22. Rxh5+ Kg7 23. Bh6+ Kh7 24. Bf8#
1-0

[Event "Another KO"]
[Site "SchemingMind.com"]
[Date "2012.04.18"]
[Round "-"]
[White "Iucounu"]
[Black "Lastcafe"]
[Result "0-1"]
[WhiteCountry "ENG"]
[BlackCountry "THA"]
[WhiteElo "1272"]
[WhiteRD "54"]
[BlackElo "1923"]
[BlackRD "89"]
[GameID "308488"]

1. e4 c5 2. Nf3 d5 3. exd5 Qxd5 4. Nc3 Qe6+ 5. Qe2 Qxe2+ 6. Bxe2 e6 7. Bb5+ Bd7 8. O-O Bxb5 9. Nxb5 Na6 10. d3 Nf6
11. Bg5 Nd5 12. c4 Ndc7 13. Nxc7+ Nxc7 14. Bf4 Na6 15. Be5 Nb4 16. Rfd1 Rd8 17. Ne1 Nc6 18. Nf3 Nxe5 19. Nxe5 g5 20. a3 Bg7
21. Nf3 g4 22. Ne1 h5 23. f3 Bxb2 24. Rab1 Bd4+ 25. Kh1 b6 26. fxg4 hxg4 27. Nc2 Be5 28. g3 Bxg3 29. Kg2 Be5 30. Ne1 Rxh2+
31. Kf1 Ke7 32. Ra1 Bd4 33. Nf3 gxf3 34. Ke1 Be3 35. a4 Rh1#
0-1

[Event "Another KO"]
[Site "SchemingMind.com"]
[Date "2012.04.20"]
[Round "-"]
[White "Majoanis"]
[Black "kenneth m day"]
[Result "0-1"]
[WhiteCountry "CAN"]
[BlackCountry "USA"]
[WhiteElo "1777"]
[WhiteRD "54"]
[BlackElo "1836"]
[BlackRD "57"]
[GameID "308690"]

1. d4 d5 2. Nf3 Nf6 3. c4 dxc4 4. Qa4+ Nc6 5. g3 Bd7 6. Qxc4 e6 7. Bg2 Be7 8. O-O O-O 9. Nc3 a6 10. Rd1 b5
11. Qb3 Rb8 12. Bg5 h6 13. Bxf6 Bxf6 14. Rac1 Qe7 15. Ne4 Rfd8 16. Nxf6+ Qxf6 17. e3 Rdc8 18. Ne1 Ne7 19. Nd3 Nd5 20. Nc5 Be8
21. Bxd5 exd5 22. Qxd5 Bc6 23. Qh5 Bf3
0-1

[Event "Another KO"]
[Site "SchemingMind.com"]
[Date "2012.04.20"]
[Round "-"]
[White "kenneth m day"]
[Black "Majoanis"]
[Result "1-0"]
[WhiteCountry "USA"]
[BlackCountry "CAN"]
[WhiteElo "1853"]
[WhiteRD "56"]
[BlackElo "1838"]
[BlackRD "55"]
[GameID "308698"]

1. e4 Nf6 2. Nc3 e5 3. Nf3 Bb4 4. Bc4 d6 5. O-O O-O 6. d3 c6 7. Bd2 Nbd7 8. a3 Ba5 9. Ng5 b5 10. Bb3 h6
11. Nf3
1-0

[Event "Another KO"]
[Site "SchemingMind.com"]
[Date "2012.04.23"]
[Round "-"]
[White "Vladimir2011"]
[Black "John Galvin"]
[Result "0-1"]
[WhiteCountry "BLR"]
[BlackCountry "USA"]
[WhiteElo "1996"]
[WhiteRD "95"]
[BlackElo "2325"]
[BlackRD "59"]
[GameID "308817"]

1. d4 Nf6 2. c4 g6 3. Nc3 d5 4. cxd5 Nxd5 5. e4 Nxc3 6. bxc3 Bg7 7. Ba3 Nd7 8. Bc4 c5 9. Qf3 O-O 10. Ne2 cxd4
11. cxd4 Bxd4 12. Nxd4 Qa5+ 13. Ke2 Ne5 14. Qb3 Nxc4 15. Bxe7 Qd2+ 16. Kf3 Ne5+ 17. Kg3 Nd3
0-1

[Event "Another KO"]
[Site "SchemingMind.com"]
[Date "2012.04.23"]
[Round "-"]
[White "John Galvin"]
[Black "Vladimir2011"]
[Result "1-0"]
[WhiteCountry "USA"]
[BlackCountry "BLR"]
[WhiteElo "2325"]
[WhiteRD "59"]
[BlackElo "1996"]
[BlackRD "95"]
[GameID "308823"]

1. e4 g6 2. d4 c5 3. d5 Bg7 4. c4 d6 5. Nf3 Nf6 6. Nc3 O-O 7. Be2 e6 8. O-O exd5 9. cxd5 Re8 10. Nd2 a6
11. a4 b6 12. Qc2 Ng4 13. Bxg4 Bxg4 14. Nc4 Qc7 15. Bf4 Be5 16. Bxe5 dxe5 17. Qb3 Ra7 18. f3 Bd7 19. Qxb6 Qxb6 20. Nxb6 a5
21. Nc4 f6 22. f4 Rb7 23. fxe5 fxe5 24. Nd6 Rxb2 25. Nxe8
1-0

[Event "Another KO"]
[Site "SchemingMind.com"]
[Date "2012.04.27"]
[Round "-"]
[White "The Capitalist"]
[Black "emvarela"]
[Result "1-0"]
[WhiteCountry "USA"]
[BlackCountry "ARG"]
[WhiteElo "1469"]
[WhiteRD "69"]
[BlackElo "1740"]
[BlackRD "47"]
[GameID "308965"]

1. e4 e5 2. Nf3 Nc6 3. Bb5 f5 4. Nc3 Nf6 5. exf5 Nd4 6. Nxe5 c6 7. Bd3 Qc7 8. f4 d6 9. Nf3 Nxf3+ 10. Qxf3 Be7
11. O-O O-O 12. Re1 b5 13. b4 a5 14. Ba3 axb4 15. Bxb4 Qb6+ 16. Qf2 Qxf2+ 17. Kxf2 Bd8 18. Bxd6 Bb6+ 19. Kf1 Re8 20. Rxe8+ Nxe8
21. Be5 Bc7 22. Re1 Bxe5 23. Rxe5 Nd6 24. g4 b4 25. Ne4 Nxe4 26. Bxe4 Rxa2 27. Re8+
1-0

[Event "Another KO"]
[Site "SchemingMind.com"]
[Date "2012.04.27"]
[Round "-"]
[White "emvarela"]
[Black "The Capitalist"]
[Result "1-0"]
[WhiteCountry "ARG"]
[BlackCountry "USA"]
[WhiteElo "1697"]
[WhiteRD "45"]
[BlackElo "1479"]
[BlackRD "72"]
[GameID "308971"]

1. e4 c6 2. d4 d5 3. Nc3 dxe4 4. Nxe4 Bf5 5. Ng3 Bg6 6. h4 h6 7. h5 Bh7 8. Nf3 Nd7 9. Bd3 Bxd3 10. Qxd3 e6
11. Bf4 Qa5+ 12. c3 Ngf6 13. Nd2 Be7 14. Nde4 O-O-O 15. Nd6+ Bxd6 16. Bxd6 Qd5 17. Be7 Rde8 18. Bxf6 Nxf6 19. f3 e5 20. Ne2 e4
21. fxe4 Qxe4 22. Qxe4 Rxe4 23. Kd2 Rhe8 24. Rae1 Ng4 25. Ng3 Rxe1 26. Rxe1 Rxe1 27. Kxe1 g6 28. hxg6 fxg6 29. Ke2 h5 30. Kf3 Kd7
31. Ne4 b6 32. Kf4 Ke6 33. c4 a5 34. a3 b5 35. Ng5+ Kd6 36. Nf7+ Ke6 37. Nd8+ Ke7 38. Nxc6+ Kd6 39. cxb5 a4 40. Nb4 Kc7
41. Nd5+ Kb7 42. Ne7 Kb6 43. Nxg6 Kxb5 44. Ne5 Nf6 45. Kg5 Ng4 46. Nxg4 hxg4 47. Kxg4 Kc4 48. Kf5 Kxd4 49. g4 Kd5 50. g5 Kd6
51. Kf6 Kd7 52. g6 Ke8 53. g7
1-0

[Event "Another KO"]
[Site "SchemingMind.com"]
[Date "2012.04.25"]
[Round "-"]
[White "Adrian Grajczak"]
[Black "Clive Everill"]
[Result "1-0"]
[WhiteCountry "POL"]
[BlackCountry "CZE"]
[WhiteElo "2150"]
[WhiteRD "87"]
[BlackElo "1809"]
[BlackRD "55"]
[GameID "309213"]

1. e4 e6 2. d3 b5 3. Nf3 Bb7 4. Nbd2 c5 5. g3 Nf6 6. Bg2 Be7 7. O-O O-O 8. Re1 d6 9. h4 Nbd7 10. Nf1 Nb6
11. N1h2 h6 12. c3 d5 13. e5 Nfd7 14. Bf4 Qc8 15. d4 Nc4 16. b3 Ncb6 17. Qd2 Kh7 18. Rac1 c4 19. Ng4 cxb3 20. axb3 Rg8
21. Bxh6 gxh6 22. Qxh6#
1-0

[Event "Another KO"]
[Site "SchemingMind.com"]
[Date "2012.04.25"]
[Round "-"]
[White "Clive Everill"]
[Black "Adrian Grajczak"]
[Result "0-1"]
[WhiteCountry "CZE"]
[BlackCountry "POL"]
[WhiteElo "1809"]
[WhiteRD "55"]
[BlackElo "2150"]
[BlackRD "87"]
[GameID "309219"]

1. e4 d6 2. d4 Nf6 3. Nc3 e5 4. Nf3 Nbd7 5. Bc4 Be7 6. O-O O-O 7. a4 c6 8. Re1 b6 9. d5 cxd5 10. exd5 Bb7
11. Bg5 Ne8 12. Be3 f5 13. b3 a6 14. Ne2 Nc7 15. b4 Qe8 16. c3 Qf7 17. Ng5 Bxg5 18. Bxg5 h6 19. Bd2 Bxd5 20. Bxd5 Qxd5
21. Qc2 Rf6 22. c4 Qf7 23. Bc3 Qxc4 24. Rad1 Nd5 25. Rd2 Nxb4 26. Bxb4 Qxb4 27. Rb1 Qc5 28. Qa2+ Kh7 29. Rc1 Qa5 30. Rc7 Nc5
31. Rc6 Nxa4 32. Rcxd6 Rxd6 33. Rxd6 Qe1#
0-1

[Event "Another KO"]
[Site "SchemingMind.com"]
[Date "2012.04.30"]
[Round "-"]
[White "vista"]
[Black "spoke"]
[Result "0-1"]
[WhiteCountry "JPN"]
[BlackCountry "GER"]
[WhiteElo "1188"]
[WhiteRD "101"]
[BlackElo "1887"]
[BlackRD "68"]
[GameID "309302"]

1. e4 e5 2. Nf3 Nc6 3. Bc4 Nf6 4. c3 d5 5. exd5 Nxd5 6. O-O Bg4 7. d3 Be7 8. Bxd5 Qxd5 9. d4 Bxf3 10. Qxf3 Qxf3
11. gxf3 exd4 12. h3 O-O-O 13. Bd2 Ne5 14. f4 Nf3+ 15. Kg2 Nxd2 16. Nxd2 dxc3 17. bxc3 Rxd2 18. Rfe1 Bc5 19. Rad1 Rxf2+ 20. Kg3 Rxa2
21. Re5 Bd6 22. Red5 Re8 23. R5d2 Rxd2 24. Rxd2 Re3+ 25. Kg4 Rxc3 26. Re2 Kd7 27. h4 Rc4 28. Rf2 a5
0-1

[Event "Another KO"]
[Site "SchemingMind.com"]
[Date "2012.04.27"]
[Round "-"]
[White "gmash"]
[Black "TONYTODD11"]
[Result "1-0"]
[WhiteCountry "ENG"]
[BlackCountry "ENG"]
[WhiteElo "1614"]
[WhiteRD "112"]
[BlackElo "1509"]
[BlackRD "91"]
[GameID "309303"]

1. e4 c6 2. d4 d5 3. exd5 cxd5 4. c4 Nf6 5. Nc3 e6 6. Nf3 Nc6 7. c5 b6 8. Bb5 Bd7 9. Bxc6 Bxc6 10. Ne5 Qc7
11. O-O bxc5 12. Nxc6 Qxc6 13. dxc5 Bxc5 14. Bg5 Rg8 15. Rc1 O-O-O 16. Na4 Be7 17. Rxc6+ Kb8 18. Bf4+ Ka8 19. Nb6+ axb6 20. Qa4+ Kb7
21. Rc7+
1-0

[Event "Another KO"]
[Site "SchemingMind.com"]
[Date "2012.04.26"]
[Round "-"]
[White "snits"]
[Black "lennart"]
[Result "0-1"]
[WhiteCountry "USA"]
[BlackCountry "SWE"]
[WhiteElo "1575"]
[WhiteRD "113"]
[BlackElo "1558"]
[BlackRD "54"]
[GameID "309304"]

1. e4 e5 2. Nf3 Nc6 3. d4 exd4 4. Nxd4 Ne5 5. f4 Ng6 6. Bc4 Qe7 7. O-O d6 8. Nc3 c6 9. Bb3 Nf6 10. Re1 Qc7
11. h3 Be7 12. Qe2 d5 13. e5 Ng8 14. Be3 Bh4 15. Bf2 Bxf2+ 16. Qxf2 N8e7 17. Re3 c5 18. Ndb5 Qa5 19. Nd6+ Kd7 20. Nxd5 Nxd5
21. Bxd5 Kc7 22. Rc3 Kd7 23. Rxc5 Qd8
0-1

[Event "Another KO"]
[Site "SchemingMind.com"]
[Date "2012.04.28"]
[Round "-"]
[White "spoke"]
[Black "vista"]
[Result "1-0"]
[WhiteCountry "GER"]
[BlackCountry "JPN"]
[WhiteElo "1887"]
[WhiteRD "68"]
[BlackElo "1188"]
[BlackRD "101"]
[GameID "309306"]

1. e4 d5 2. exd5 c6 3. dxc6 bxc6 4. Nf3 Bg4 5. h3 Bxf3 6. Qxf3 e6 7. b3 Be7 8. Bb2 Nf6 9. Bc4 Bb4 10. a3 Bc5
11. b4 Bb6 12. O-O c5 13. Qxa8 Nd5 14. Bxd5 exd5 15. bxc5 Bxc5 16. Re1+ Kf8 17. Be5 f6 18. Qxb8 Bb6 19. Qxd8+ Bxd8 20. Bd6+ Kf7
21. Nc3 Re8 22. Nxd5 Rxe1+ 23. Rxe1 Be7 24. Rxe7+
1-0

[Event "Another KO"]
[Site "SchemingMind.com"]
[Date "2012.04.27"]
[Round "-"]
[White "TONYTODD11"]
[Black "gmash"]
[Result "0-1"]
[WhiteCountry "ENG"]
[BlackCountry "ENG"]
[WhiteElo "1445"]
[WhiteRD "84"]
[BlackElo "1644"]
[BlackRD "107"]
[GameID "309307"]

1. e4 c5 2. d4 cxd4 3. Qxd4 Nc6 4. Qe3 e5 5. Nf3 Nf6 6. Bd3 Be7 7. Bd2 O-O 8. O-O Ng4 9. Qe2 d6 10. Nc3 Qb6
11. Nd5 Qd8 12. h3 Nf6 13. Rfd1 Nxd5 14. exd5 Nd4 15. Qe4 Bf5 16. Qe3 Nxf3+ 17. Qxf3 Bxd3 18. Qxd3 Rc8 19. c4 b6 20. f4 f6
21. f5 Qe8 22. Rf1 Qh5 23. Rae1 Rc7 24. b3 Rfc8 25. g4 Qf7 26. h4 b5 27. a3 bxc4 28. bxc4 Rxc4 29. Rb1 Rxg4+ 30. Kf2 Rd4
31. Qe3 Qxd5
0-1

[Event "Another KO"]
[Site "SchemingMind.com"]
[Date "2012.04.26"]
[Round "-"]
[White "lennart"]
[Black "snits"]
[Result "1-0"]
[WhiteCountry "SWE"]
[BlackCountry "USA"]
[WhiteElo "1558"]
[WhiteRD "54"]
[BlackElo "1575"]
[BlackRD "113"]
[GameID "309308"]

1. e4 c6 2. Nc3 d5 3. exd5 cxd5 4. d4 Nf6 5. h3 Nc6 6. a3 Bf5 7. Bd3 Nxd4 8. Bxf5 Nxf5 9. Nf3 e6 10. Bg5 Be7
11. O-O Nd7 12. Bxe7 Nxe7 13. Qd4 O-O 14. Rae1 Nc6 15. Qg4 Nf6 16. Qa4 a6 17. Nd2 Qb6 18. Nf3 Qxb2 19. Ne2 Qb6 20. c4 Qa5
21. Qb3
1-0

[Event "Another KO"]
[Site "SchemingMind.com"]
[Date "2012.04.27"]
[Round "-"]
[White "baron1"]
[Black "maro"]
[Result "1-0"]
[WhiteCountry "ENG"]
[BlackCountry "MEX"]
[WhiteElo "2409"]
[WhiteRD "112"]
[BlackElo "1401"]
[BlackRD "62"]
[GameID "309365"]

1. d4 d5 2. c4 dxc4 3. Nf3 Nf6 4. e3 Qd5 5. Nc3 Qc6 6. Ne5 Qe6 7. Bxc4 Qd6 8. Bxf7+ Kd8 9. Bd5 Qb4 10. a3 Qb6
11. Nf7+ Ke8 12. Nxh8 Nxd5 13. Nxd5 Qa5+ 14. Nc3 Nc6 15. O-O Be6 16. d5 Bxd5 17. Nxd5 Rd8 18. e4 e6 19. Qh5+ g6 20. Qxh7 Rd7
21. Nf6+
1-0

[Event "Another KO"]
[Site "SchemingMind.com"]
[Date "2012.04.27"]
[Round "-"]
[White "maro"]
[Black "baron1"]
[Result "0-1"]
[WhiteCountry "MEX"]
[BlackCountry "ENG"]
[WhiteElo "1401"]
[WhiteRD "62"]
[BlackElo "2409"]
[BlackRD "112"]
[GameID "309368"]

1. e4 e5 2. Nc3 Nf6 3. d3 Bb4 4. Bd2 Nc6 5. Nce2 d5 6. Bxb4 Nxb4 7. c3 Nc6 8. exd5 Qxd5 9. c4 Qc5 10. Ng3 O-O
11. Nf3 Bg4 12. h3 Bxf3 13. Qxf3 Qb4+ 14. Kd1 Qxb2 15. Rc1 Nd4 16. Nf5 Nxf3
0-1

[Event "Another KO"]
[Site "SchemingMind.com"]
[Date "2012.04.29"]
[Round "-"]
[White "kubinet"]
[Black "e_safarz"]
[Result "0-1"]
[WhiteCountry "GER"]
[BlackCountry "CAN"]
[WhiteElo "1557"]
[WhiteRD "96"]
[BlackElo "2434"]
[BlackRD "65"]
[GameID "309474"]

1. e4 e5 2. Nf3 Nc6 3. Bb5 a6 4. Ba4 Nf6 5. O-O Be7 6. Re1 b5 7. Bb3 d6 8. c3 O-O 9. d4 Bg4 10. d5 Na5
11. Bc2 c6 12. dxc6 Qc7 13. h3 Be6 14. Be3 Nc4 15. Bc1 Qxc6 16. Nbd2 Nb6 17. Nf1 Rac8 18. Bg5 b4 19. Bd2 Nc4 20. Bc1 bxc3
21. bxc3 Bd8 22. Bb3 Nxe4 23. Qc2 d5 24. Bxc4 Qxc4 25. Nxe5 Qxc3 26. Qxc3 Nxc3 27. Ba3 Re8 28. Ne3 d4 29. Nf1 Bf6 30. Bb2 Bxh3
31. gxh3 Rxe5 32. Ng3 Rb5 33. Bxc3 dxc3 34. Ne4 Be5 35. Rac1 c2 36. Kg2 Bf4
0-1

[Event "Another KO"]
[Site "SchemingMind.com"]
[Date "2012.04.29"]
[Round "-"]
[White "e_safarz"]
[Black "kubinet"]
[Result "1-0"]
[WhiteCountry "CAN"]
[BlackCountry "GER"]
[WhiteElo "2434"]
[WhiteRD "65"]
[BlackElo "1557"]
[BlackRD "96"]
[GameID "309483"]

1. d4 Nf6 2. Nf3 g6 3. c4 Bg7 4. Nc3 O-O 5. e4 d6 6. Be2 e5 7. O-O Nc6 8. d5 Ne7 9. Ne1 Nd7 10. Be3 f5
11. f3 f4 12. Bf2 Nf6 13. c5 Bd7 14. Nd3 g5 15. Qb3 Rb8 16. cxd6 cxd6 17. Bxa7 Ra8 18. Bb6 Qb8 19. Nxe5 dxe5 20. d6+ Kh8
21. dxe7 Re8 22. Bc5 Bc6 23. Nb5
1-0

[Event "Another KO"]
[Site "SchemingMind.com"]
[Date "2012.05.01"]
[Round "-"]
[White "private napoleon"]
[Black "THart"]
[Result "1/2-1/2"]
[WhiteCountry "ENG"]
[BlackCountry "USA"]
[WhiteElo "1851"]
[WhiteRD "77"]
[BlackElo "1745"]
[BlackRD "71"]
[GameID "309633"]

1. b4 e5 2. Bb2 d6 3. c4 Nf6 4. a3 Be7 5. Nc3 O-O 6. e4 Be6 7. d3 Nc6 8. g3 Nd4 9. Bg2 c6 10. Nge2 Bg4
11. O-O c5 12. b5 h5 13. f3 Be6 14. Nxd4 cxd4 15. Nd5 Nxd5 16. exd5 Bf5 17. Qe2 Qd7 18. Rae1 g5 19. f4 Bg4 20. Bf3 gxf4
21. Bxg4 Qxg4 22. Qxg4+ hxg4 23. gxf4 Bh4 24. Re2 f6 25. Rg2 Rf7 26. Rxg4+ Rg7 27. Rxg7+ Kxg7 28. Kg2 Rh8 29. f5 Bg5 30. a4 b6
31. Ba3 Rd8 32. Rg1 Be3 33. Rf1 Kf7 34. Rf3 Rg8+ 35. Rg3 Rxg3+ 36. Kxg3 Ke7 37. Kg4 e4 38. dxe4 d3 39. Kf3 Bg5 40. Bb4 Kd7
41. h4 Bh6 42. Ba3 Ke7 43. Bb4 Kd7 44. Ba3 Ke7 45. Bb4=
1/2-1/2

[Event "Another KO"]
[Site "SchemingMind.com"]
[Date "2012.05.02"]
[Round "-"]
[White "THart"]
[Black "private napoleon"]
[Result "0-1"]
[WhiteCountry "USA"]
[BlackCountry "ENG"]
[WhiteElo "1745"]
[WhiteRD "71"]
[BlackElo "1851"]
[BlackRD "77"]
[GameID "309634"]

1. d4 g6 2. e3 Bg7 3. Nf3 d6 4. Bc4 e6 5. O-O d5 6. Bd3 Nf6 7. Nbd2 O-O 8. c3 b6 9. Re1 Bb7 10. e4 c5
11. e5 Nfd7 12. Nf1 Nc6 13. Bg5 Qc7 14. Bh4 a6 15. Bg3 b5 16. a3 c4 17. Bc2 a5 18. Bf4 f6 19. exf6 Qxf4 20. fxg7 Kxg7
21. Ng3 Rae8 22. h4 e5 23. Nh1 e4 24. Nh2 Qxh4 25. Re3 a4 26. Qg4 Qxg4 27. Nxg4 h5 28. Nh2 Na5 29. Rae1 Nf6 30. Bd1 Nb3
31. g4 hxg4 32. Bxg4 Nxg4 33. Nxg4 Nd2 34. Kg2 Nf3 35. R1e2 Rh8 36. Ng3 Bc8
0-1

[Event "Another KO"]
[Site "SchemingMind.com"]
[Date "2012.05.05"]
[Round "-"]
[White "NYNH"]
[Black "cnile"]
[Result "1-0"]
[WhiteCountry "USA"]
[BlackCountry "SCO"]
[WhiteElo "2050"]
[WhiteRD "71"]
[BlackElo "1464"]
[BlackRD "56"]
[GameID "309830"]

1. d4 e6 2. c4 Nf6 3. g3 d5 4. Nf3 c6 5. Bg2 a6 6. O-O Bd6 7. Qc2 Nbd7 8. Nbd2 O-O 9. Rd1 Re8 10. e4 Kh8
11. e5
1-0

[Event "Another KO"]
[Site "SchemingMind.com"]
[Date "2012.05.05"]
[Round "-"]
[White "cnile"]
[Black "NYNH"]
[Result "0-1"]
[WhiteCountry "SCO"]
[BlackCountry "USA"]
[WhiteElo "1479"]
[WhiteRD "59"]
[BlackElo "2021"]
[BlackRD "71"]
[GameID "309834"]

1. e4 e6 2. d4 d5 3. Nd2 c5 4. c3 Nc6 5. Ngf3 cxd4 6. cxd4 dxe4 7. Nxe4 Be7 8. Bd3 Nf6 9. O-O O-O 10. Bg5 Nxd4
11. Nxf6+ Bxf6 12. Bxf6 Nxf3+ 13. Qxf3 Qxf6 14. Qxf6 gxf6 15. Rac1 e5 16. Rc7 Be6 17. a3 Rab8 18. f4 Rfc8 19. Rfc1 a6 20. Kf2 b5
21. f5 Rxc7 22. Rxc7 Rc8 23. Rxc8+ Bxc8 24. Ke3 Bb7 25. g3 Kg7 26. h4 Kf8 27. g4 h6 28. Bc2 Bd5 29. b4 Ke7 30. Bd3 Kd6
31. Be2 Bb3 32. Bf3 Bc2 33. Be4 Bd1 34. g5 fxg5 35. hxg5 hxg5 36. Bb7 Bc2 37. Bxa6 Kc6 38. Bc8 Kd5 39. Bd7 Kc4 40. Be8 f6
41. Bc6 Bxf5
0-1

[Event "Another KO"]
[Site "SchemingMind.com"]
[Date "2012.05.07"]
[Round "-"]
[White "Scooter"]
[Black "ray winteringham"]
[Result "1-0"]
[WhiteCountry "USA"]
[BlackCountry "ENG"]
[WhiteElo "1801"]
[WhiteRD "49"]
[BlackElo "1513"]
[BlackRD "53"]
[GameID "309961"]

1. d4 d5 2. Nf3 b6 3. Bf4 Bb7 4. e3 e6 5. Be2 Bd6 6. Bxd6 Qxd6 7. c3 Nf6 8. O-O Nbd7 9. Nbd2 O-O-O 10. Qa4 Kb8
11. Ba6 h5 12. Bxb7 Kxb7 13. c4 dxc4 14. Nxc4 Qc6 15. Qc2 b5 16. Na5+
1-0

[Event "Another KO"]
[Site "SchemingMind.com"]
[Date "2012.05.07"]
[Round "-"]
[White "ray winteringham"]
[Black "Scooter"]
[Result "0-1"]
[WhiteCountry "ENG"]
[BlackCountry "USA"]
[WhiteElo "1513"]
[WhiteRD "53"]
[BlackElo "1801"]
[BlackRD "49"]
[GameID "309966"]

1. d4 Nf6 2. Bg5 e6 3. Bxf6 Qxf6 4. e4 h6 5. e5 Qd8 6. Bd3 d5 7. Nf3 c5 8. c3 cxd4 9. cxd4 Bb4+ 10. Nc3 O-O
11. O-O Nc6 12. a3 Ba5 13. b4 Bb6 14. Ne2 a6 15. g3 Ba7 16. Nh4 Bxd4 17. Nxd4 Nxd4 18. Bxa6 Qb6 19. Be2 Nc6 20. Kg2 Nxe5
21. f4 Nc4 22. Bxc4 dxc4 23. Rc1 Qc6+ 24. Kg1 Rxa3 25. f5 Ra2 26. f6 g6 27. Rc2 Rxc2 28. Qxc2 Kh7 29. Re1 b5 30. Nxg6 fxg6
31. Rf1 Bb7
0-1

[Event "Another KO"]
[Site "SchemingMind.com"]
[Date "2012.05.14"]
[Round "-"]
[White "Louis Lima"]
[Black "Lisek"]
[Result "1-0"]
[WhiteCountry "ESP"]
[BlackCountry "POL"]
[WhiteElo "1826"]
[WhiteRD "134"]
[BlackElo "1186"]
[BlackRD "144"]
[GameID "310313"]

1. d4 d5 2. Nf3 e6 3. e3 b6 4. Bd3 Nf6 5. c4 dxc4 6. Bxc4 Bb4+ 7. Bd2 Bd6 8. Nc3 b5 9. Bxb5+ c6 10. Be2 Ng4
11. Ne4 Bc7 12. Bb4 a5 13. Ba3 Na6 14. Nfg5 Nh6 15. Rc1 f6 16. Nf3 a4 17. O-O e5 18. Qxa4 f5 19. Qxc6+ Bd7 20. Nd6+ Bxd6
21. Qxd6
1-0

[Event "Another KO"]
[Site "SchemingMind.com"]
[Date "2012.05.14"]
[Round "-"]
[White "Lisek"]
[Black "Louis Lima"]
[Result "0-1"]
[WhiteCountry "POL"]
[BlackCountry "ESP"]
[WhiteElo "1186"]
[WhiteRD "144"]
[BlackElo "1826"]
[BlackRD "134"]
[GameID "310319"]

1. e4 e6 2. d3 d5 3. f4 dxe4 4. Nh3 Nf6 5. c4 Bb4+ 6. Bd2 Be7 7. Qa4+ Bd7 8. Qb3 Bc6 9. Nf2 exd3 10. Bxd3 Na6
11. O-O Nc5 12. Qc3 Nxd3 13. Nxd3 O-O 14. h4 Ne4 15. Qc1 Qxd3 16. Na3 Bc5+ 17. Kh2 Qg3+ 18. Kh1 Qxh4#
0-1

[Event "Another KO"]
[Site "SchemingMind.com"]
[Date "2012.05.17"]
[Round "-"]
[White "brotherbear"]
[Black "Aadsje"]
[Result "0-1"]
[WhiteCountry "CAN"]
[BlackCountry "NED"]
[WhiteElo "1646"]
[WhiteRD "106"]
[BlackElo "2258"]
[BlackRD "61"]
[GameID "310411"]

1. e4 c5 2. Nf3 d6 3. d4 cxd4 4. Nxd4 Nf6 5. Nc3 Nc6 6. Bg5 e6 7. Qd2 a6 8. O-O-O h6 9. Be3 Be7 10. f4 Nxd4
11. Bxd4 b5 12. Bd3 O-O 13. h3 Bb7 14. a3 Rc8 15. g4 Nd7 16. f5 Bg5 17. Be3 Bf6 18. Ne2 Nc5 19. Bxc5 dxc5
0-1

[Event "Another KO"]
[Site "SchemingMind.com"]
[Date "2012.05.16"]
[Round "-"]
[White "Aadsje"]
[Black "brotherbear"]
[Result "1-0"]
[WhiteCountry "NED"]
[BlackCountry "CAN"]
[WhiteElo "2258"]
[WhiteRD "61"]
[BlackElo "1646"]
[BlackRD "106"]
[GameID "310414"]

1. c4 e5 2. Nc3 Nf6 3. Nf3 Nc6 4. a3 g6 5. g3 Bg7 6. Bg2 O-O 7. d3 d6 8. h4 h6 9. O-O Bg4 10. Nh2 Bd7
11. Bd2 Ne7 12. Qc1 Bc6 13. Bxh6
1-0

[Event "Another KO"]
[Site "SchemingMind.com"]
[Date "2012.06.01"]
[Round "-"]
[White "John Galvin"]
[Black "Adrian Grajczak"]
[Result "1-0"]
[WhiteCountry "USA"]
[BlackCountry "POL"]
[WhiteElo "2355"]
[WhiteRD "63"]
[BlackElo "2118"]
[BlackRD "65"]
[GameID "311468"]

1. e4 d6 2. d4 Nf6 3. Nc3 e5 4. Nf3 Nbd7 5. Bc4 Be7 6. O-O O-O 7. a4 c6 8. a5 h6 9. Qe2 Qc7 10. d5 cxd5
11. Bxd5 Nc5 12. Be3 Be6 13. Bxe6 fxe6 14. Qc4 Nfxe4 15. Nxe4 d5 16. Qc3 dxe4 17. Nxe5
1-0

[Event "Another KO"]
[Site "SchemingMind.com"]
[Date "2012.06.01"]
[Round "-"]
[White "Adrian Grajczak"]
[Black "John Galvin"]
[Result "1/2-1/2"]
[WhiteCountry "POL"]
[BlackCountry "USA"]
[WhiteElo "2126"]
[WhiteRD "65"]
[BlackElo "2320"]
[BlackRD "66"]
[GameID "311472"]

1. e4 c5 2. Nf3 d6 3. d4 cxd4 4. Nxd4 Nf6 5. Nc3 a6 6. Bc4 e6 7. Bb3 Nbd7 8. f4 Nc5 9. f5 Bd7 10. O-O e5
11. Nf3 Bc6 12. Bg5 Ncxe4 13. Nxe4 Bxe4 14. Qe2 Bc6 15. Rad1 Qb6+ 16. Be3 Qc7 17. Ng5 Bb5 18. Qd2 Bc4 19. Bxc4 Qxc4 20. b3 Qc7
21. c4 Be7 22. Qe2 O-O 23. Qf3 b5 24. Rc1 bxc4 25. Rxc4 Qa5 26. a4 d5 27. Rh4 Rab8 28. Bc1 e4 29. Qh3 h6 30. Bf4 Kh8
31. Rxh6+ gxh6 32. Qxh6+ Kg8 33. Be5 Qb6+ 34. Kh1 Rfc8 35. Ne6 fxe6 36. Qg6+ Kh8 37. Qh6+=
1/2-1/2

[Event "Another KO"]
[Site "SchemingMind.com"]
[Date "2012.06.20"]
[Round "-"]
[White "baron1"]
[Black "kenneth m day"]
[Result "1-0"]
[WhiteCountry "ENG"]
[BlackCountry "USA"]
[WhiteElo "2415"]
[WhiteRD "104"]
[BlackElo "1812"]
[BlackRD "56"]
[GameID "312495"]

1. c4 g6 2. Nc3 Bg7 3. d4 d6 4. e4 Nd7 5. Nf3 c5 6. d5 Ne5 7. Nxe5 Bxe5 8. Bd3 Bg7 9. O-O e6 10. Bc2 Ne7
11. Bg5 O-O 12. f4 f6 13. Bh4 exd5 14. Nxd5 Nxd5 15. Qxd5+ Kh8 16. f5 gxf5 17. exf5 b6 18. Qxa8 Qd7 19. Rae1 Ba6 20. Qd5 Bb7
21. Qe6 Qc6 22. Be4 Qc7 23. Bxb7 Qxb7 24. Qxd6
1-0

[Event "Another KO"]
[Site "SchemingMind.com"]
[Date "2012.06.20"]
[Round "-"]
[White "kenneth m day"]
[Black "baron1"]
[Result "0-1"]
[WhiteCountry "USA"]
[BlackCountry "ENG"]
[WhiteElo "1812"]
[WhiteRD "56"]
[BlackElo "2415"]
[BlackRD "104"]
[GameID "312498"]

1. e4 c6 2. d4 d5 3. Nc3 dxe4 4. f3 exf3 5. Nxf3 Bf5 6. Bc4 e6 7. O-O Nf6 8. Bg5 Nbd7 9. Qe2 Be7 10. Nh4 Bg4
11. Qe3 Nb6 12. Bb3 h6 13. Bxf6 Bxf6 14. Nf3 Bxf3 15. Qxf3 Qxd4+ 16. Kh1 O-O 17. Rad1 Qb4 18. a3 Qe7 19. Qe3 Rad8 20. a4 Rxd1
21. Rxd1 Qb4 22. Na2 Qg4 23. c3 Nxa4 24. h3 Qh4 25. Rd2 Nc5 26. Bc2 Bg5 27. Rd4 Bxe3 28. Rxh4 Rd8 29. Nb4 a5 30. Na2 Rd2
0-1